01014nab a2200205uuc4500001000800000005001700008008004100025035001200066040001300078041000800091100003600099245004900135520035300184650004800537650003000585650004300615773012100658942001000779999001900789131335020240202111030.0130130e19830401 spa  a1313350 ccomduadb aspa10aMarcus, Janet4auteaut946862813aEl unico deseo del Alfredo: Aliviar su dolor3 a Casi todas las enfermeras están de acuerdo en que el dolor es una experiencia subjetiva, y sin embargo, ¿Cuántas veces criticamos al enfermo que nos pide un analgésico de los que nosotras consideramos necesarios? EL caso de Alfredo es un ejemplo inmejorable del dicho "La única autoridad sobre el dolor del paciente es el propio paciente" 7aDolor-Aspectos psicológicos2lemb9166042 4aRelatos personales925377 7aAtención de enfermería2dcs9132540 tNursing : Edición Española (Barcelona)gVolumen 02, Número 03, Abril 1983, p. 36-38w322381x0212-53820103798 cARIMP c641020d641020